000 00586nam a22002177a 4500
999 _c6821
_d6821
003 OSt
005 20210318123718.0
008 210318b ||||| |||| 00| 0 eng d
020 _a0750609702
040 _cNLM
082 _2QS4 P17a 1994
100 _aPalastanga, Nigel; Field, Derek; Soames, Roger.
_912968
245 _a Anatomy and Human Movement: structure and function
250 _a2nd ed.
260 _aOxford;
_bButterworth,
_c1994
300 _a894p;
_bill
_c26.5cm
504 _aindex included
650 _2Anatomy
650 _aPhysiology
_9215
942 _2z
_cO_SHELF